| 000 | 00773cam a2200253 a 4500 | ||
|---|---|---|---|
| 008 | |||
| 020 | _a0133142043 (hbk.) | ||
| 049 | _aMAIN | ||
| 090 |
_aTA1800 _bCHE |
||
| 100 | 1 | _aCheo, Peter K. | |
| 245 | 1 | 0 |
_aFiber optics : _bdevices and systems / _cPeter K. Cheo. |
| 260 |
_aEnglewood Cliffs, NJ : _bPrentice-Hall, _cc1985. |
||
| 300 |
_axiii, 304 p. : _bill. ; _c24 cm. |
||
| 440 | 0 | _aPrentice-Hall series in solid state physical electronics | |
| 500 | _aIncludes index. | ||
| 504 | _aIncludes bibliographical references. | ||
| 650 | 0 | _aFiber optics. | |
| 650 | 0 | _aOptoelectronics. | |
| 907 |
_a.b10067590 _b06-11-12 _c17-04-03 |
||
| 003 | |||
| 005 | 20230123133243.0 | ||
| 040 | _cNUST | ||
| 942 |
_cBOOKS _kTA1800 _mCHE |
||
| 999 |
_c145393 _d145393 |
||